| 000 | 00899nam a2200217Ia 4500 | ||
|---|---|---|---|
| 008 | 130821s1996 ck gr spa | ||
| 040 |
_aCo-BoUCM _bspa |
||
| 041 | 0 | 0 | _aspa |
| 110 |
_aColombia. Ministerio de Salud _93396 |
||
| 245 | 0 | 0 |
_aLineamientos de atención en salud para las personas con deficiencia, discapacidad y minusvalía _cMinisterio de Salud; Organización Panamericana de la salud. OPS; Organización Mundial |
| 260 |
_aBogotá (Colombia) _bEl Ministerio _c1996 |
||
| 300 | _a60 páginas | ||
| 504 | _aIncluye índice | ||
| 630 |
_aResolución 03165 de 1996 _97043 |
||
| 650 | 0 | 4 |
_aAsistencia pública _zColombia _99656 |
| 650 | 0 | 4 |
_aPersonas con discapacidades físicas _vAspectos sociales _zColombia _921437 |
| 650 | 0 | 4 |
_aServicio médico social _924273 |
| 650 | 0 | 4 |
_aServicio social _924275 |
| 942 |
_cLIBRO _a16 _e1 _mC65 _2DEWEY _h362.4 |
||
| 999 |
_c20548 _d20548 |
||